| 000 | 00891 a2200217 4500 | ||
|---|---|---|---|
| 005 | 20150529102843.0 | ||
| 008 | 150529s2012 ck ad fs|||| 00| 0 spa d | ||
| 020 | _a[sin ISBN] | ||
| 040 |
_aCO-BoUCM _bspa _cJose A. Gerena _dJose A. Gerena |
||
| 041 | 0 | _aspa | |
| 100 | 1 |
_aEspinosa Baquero, Armando _969276 |
|
| 245 | 1 | 0 |
_aEnciclopedia de desastres naturales históricos de Colombia _bvolúmenes 1 - 7 _cArmando Espinoza Baquero |
| 260 |
_c2012 _bAcademia Colombiana de Ciencias Exactas, Físicas y Naturales _aBogotá (Colombia) |
||
| 300 |
_a1 CD-ROM _bilustraciones, cuadros, gráficas |
||
| 650 | 7 |
_912998 _aDesastres naturales _zColombia |
|
| 650 | 7 |
_925414 _aTerremotos _zColombia |
|
| 650 | 7 |
_917936 _aInundaciones _zColombia |
|
| 690 |
_942900 _aProblemas sociales |
||
| 942 |
_2DEWEY _a5 _cMULTIMEDIA _e1 _hKLN 363.34861 _mE775 |
||
| 999 |
_c299666 _d299666 |
||